<?xml version="1.0" encoding="UTF-8"?>
<collection xmlns="http://www.loc.gov/MARC21/slim">
<record>
  <controlfield tag="001">170357</controlfield>
  <controlfield tag="005">20260410165452.0</controlfield>
  <datafield tag="024" ind1="7" ind2=" ">
    <subfield code="2">doi</subfield>
    <subfield code="a">10.1039/d6qm00041j</subfield>
  </datafield>
  <datafield tag="024" ind1="8" ind2=" ">
    <subfield code="2">sideral</subfield>
    <subfield code="a">148851</subfield>
  </datafield>
  <datafield tag="037" ind1=" " ind2=" ">
    <subfield code="a">ART-2026-148851</subfield>
  </datafield>
  <datafield tag="041" ind1=" " ind2=" ">
    <subfield code="a">eng</subfield>
  </datafield>
  <datafield tag="100" ind1=" " ind2=" ">
    <subfield code="a">Melendo, Irene</subfield>
  </datafield>
  <datafield tag="245" ind1=" " ind2=" ">
    <subfield code="a">Double decker NHC-cyclometallated Pt complexes for highly-efficient vacuum-deposited green OLEDs and NIR emission</subfield>
  </datafield>
  <datafield tag="260" ind1=" " ind2=" ">
    <subfield code="c">2026</subfield>
  </datafield>
  <datafield tag="520" ind1="3" ind2=" ">
    <subfield code="a">The dinuclear compound [{PtII(C^C*)(µ-N^N)}2] (HN^N: diphenylformamidine; HC^C* = 3-methyl-1-(naphthalen-2-yl)-1H-imidazol-2-ylidene, 3) was obtained as a pure single anti-isomer, with a Pt–Pt distance of 2.8645 Å. Under UV light, 3 reacted with haloforms to obtain the corresponding oxidized species [{PtIII(C^C*)(µ-N^N)X}2] (4-X). X-ray analysis of 4-Cl confirmed the retention of the anti-conformation and revealed a shortened Pt–Pt distance (2.6070 Å) consistent with metal–metal bonding in the Pt2(III,III) system. In addition, methylation of the electron-rich complex 3 with [Me3O]BF4 provided the mixed-valence dinuclear species [(C^C*)PtII(µ-N^N)2PtIV(C^C*)(CH3)]BF4 (5), which exhibits two distinct 195Pt NMR resonances (δ: −2373 and −3264 ppm) and a large Pt–Pt coupling constant (2155 Hz). Compound 3 shows a structureless emission band at 520 nm in 2 wt% PMMA (poly(methyl methacrylate)) film, with a photoluminescence decay of 1.80 µs and quantum yield of 0.90, typical of triplet metal–metal–to-ligand charge transfer (3MMLCT) [dσ*(Pt–Pt) → π*(C^C*)] excited states. The oxidized counterparts, 4-X, display phosphorescent emissions with maxima at 960, 970 and 1055 nm in solid state at 77 K. These are tentatively assigned to triplet axial ligand-to-metal–metal charge transfer (3XMMCT) [σ(X) → dσ*(Pt–Pt)]. Whilst complex 5 shows no emission in either the visible or near-infrared regions at 298 or 77 K. Organic light-emitting diodes (OLEDs) incorporating 3 as a green emitter demonstrate excellent device performance, achieving a turn-on voltage of 3 V, an external quantum efficiency (EQE) reaching 22% and a maximum luminance exceeding 22 000 cd m−2.</subfield>
  </datafield>
  <datafield tag="506" ind1="0" ind2=" ">
    <subfield code="a">Access copy available to the general public</subfield>
    <subfield code="f">Unrestricted</subfield>
  </datafield>
  <datafield tag="536" ind1=" " ind2=" ">
    <subfield code="9">info:eu-repo/grantAgreement/ES/DGA/E17-23R</subfield>
    <subfield code="9">info:eu-repo/grantAgreement/ES/MICIU/PID2024-155563NB-I00</subfield>
  </datafield>
  <datafield tag="540" ind1=" " ind2=" ">
    <subfield code="9">info:eu-repo/semantics/openAccess</subfield>
    <subfield code="a">by-nc</subfield>
    <subfield code="u">https://creativecommons.org/licenses/by-nc/4.0/deed.es</subfield>
  </datafield>
  <datafield tag="655" ind1=" " ind2="4">
    <subfield code="a">info:eu-repo/semantics/article</subfield>
    <subfield code="v">info:eu-repo/semantics/publishedVersion</subfield>
  </datafield>
  <datafield tag="700" ind1=" " ind2=" ">
    <subfield code="a">Weatherill, Lucy A.</subfield>
  </datafield>
  <datafield tag="700" ind1=" " ind2=" ">
    <subfield code="a">Martín, Antonio</subfield>
    <subfield code="0">(orcid)0000-0002-4808-574X</subfield>
  </datafield>
  <datafield tag="700" ind1=" " ind2=" ">
    <subfield code="a">Pander, Piotr</subfield>
  </datafield>
  <datafield tag="700" ind1=" " ind2=" ">
    <subfield code="a">Dias, Fernando B.</subfield>
  </datafield>
  <datafield tag="700" ind1=" " ind2=" ">
    <subfield code="a">Fuertes, Sara</subfield>
    <subfield code="0">(orcid)0000-0003-1812-3175</subfield>
  </datafield>
  <datafield tag="700" ind1=" " ind2=" ">
    <subfield code="a">Sicilia, Violeta</subfield>
    <subfield code="u">Universidad de Zaragoza</subfield>
    <subfield code="0">(orcid)0000-0002-0257-0483</subfield>
  </datafield>
  <datafield tag="710" ind1="2" ind2=" ">
    <subfield code="1">2010</subfield>
    <subfield code="2">760</subfield>
    <subfield code="a">Universidad de Zaragoza</subfield>
    <subfield code="b">Dpto. Química Inorgánica</subfield>
    <subfield code="c">Área Química Inorgánica</subfield>
  </datafield>
  <datafield tag="773" ind1=" " ind2=" ">
    <subfield code="g">(2026), [11 pp.]</subfield>
    <subfield code="p">Mater. chem. front.</subfield>
    <subfield code="t">Materials Chemistry Frontiers</subfield>
    <subfield code="x">2052-1537</subfield>
  </datafield>
  <datafield tag="856" ind1="4" ind2=" ">
    <subfield code="s">2371645</subfield>
    <subfield code="u">http://zaguan.unizar.es/record/170357/files/texto_completo.pdf</subfield>
    <subfield code="y">Versión publicada</subfield>
  </datafield>
  <datafield tag="856" ind1="4" ind2=" ">
    <subfield code="s">2765626</subfield>
    <subfield code="u">http://zaguan.unizar.es/record/170357/files/texto_completo.jpg?subformat=icon</subfield>
    <subfield code="x">icon</subfield>
    <subfield code="y">Versión publicada</subfield>
  </datafield>
  <datafield tag="909" ind1="C" ind2="O">
    <subfield code="o">oai:zaguan.unizar.es:170357</subfield>
    <subfield code="p">articulos</subfield>
    <subfield code="p">driver</subfield>
  </datafield>
  <datafield tag="951" ind1=" " ind2=" ">
    <subfield code="a">2026-04-10-13:47:12</subfield>
  </datafield>
  <datafield tag="980" ind1=" " ind2=" ">
    <subfield code="a">ARTICLE</subfield>
  </datafield>
</record>
</collection>